[Event "BL2 Sued 1314 (Women)"]
[Site "Germany"]
[Date "2014.01.26"]
[Round "3.1"]
[White "Mueller, Claudia"]
[Black "Schmidt, Jessica"]
[Result "0-1"]
[WhiteElo "1987"]
[BlackElo "2276"]
[PlyCount "104"]
[EventDate "2013.11.30"]
[EventType "team-tourn"]
[EventRounds "7"]
[EventCountry "GER"]
[SourceTitle "EXT 2018"]
[Source "ChessBase"]
[SourceDate "2017.10.13"]
[SourceVersion "1"]
[SourceVersionDate "2017.10.13"]
[SourceQuality "1"]
[WhiteTeam "Mutterstadt (W)"]
[BlackTeam "Karlsruhe (W)"]
[WhiteTeamCountry "GER"]
[BlackTeamCountry "GER"]

1. e4 e5 2. Nf3 Nc6 3. d4 exd4 4. Bc4 d6 5. Nxd4 Nf6 6. 0-0 Be7 7. Nc3 0-0 8. f3 Ne5 9. Be2 c5 10. Nb3 a6 11. Nd5 Nxd5 12. Qxd5 Rb8 13. Be3 Be6 14. Qd2 b5 15. Na5 b4 16. Nb3 a5 17. Nc1 Qc7 18. b3 Bf6 19. Rb1 Nc6 20. Bd3 Rbd8 21. Qf2 Nd4 22. Ne2 Nxe2+ 23. Bxe2 Ra8 24. f4 a4 25. g4 axb3 26. axb3 Ra2 27. g5 Bd4 28. f5 Bc8 29. Bd3 Bxe3 30. Qxe3 Ba6 31. Ra1 Rxa1 32. Rxa1 Bxd3 33. Qxd3 Qe7 34. h4 Qe5 35. Ra6 Qf4 36. Rxd6 Qxh4 37. Qd2 Qxe4 38. f6 Qg4+ 39. Kh2 Qh4+ 40. Kg2 Qg4+ 41. Kh2 Qc8 42. Qd3 Re8 43. Kg3 gxf6 44. Rxf6 Qc7+ 45. Kf3 Qe5 46. Rf5 Qe7 47. Rd5 Kg7 48. Rf5 Qb7+ 49. Kf4 Qg2 50. Qc4 Qh2+ 51. Kg4 Qg1+ 52. Kf3 Re3+ 0-1

[Event "SVR-op 35th"]
[Site "Nickenich"]
[Date "2012.04.07"]
[Round "7"]
[White "Eschke, Lars"]
[Black "Mueller, Claudia"]
[Result "1-0"]
[WhiteElo "2193"]
[BlackElo "1987"]
[PlyCount "49"]
[EventDate "2012.03.30"]
[EventType "swiss"]
[EventRounds "7"]
[EventCountry "GER"]
[SourceTitle "EXT 2013"]
[Source "ChessBase"]
[SourceDate "2012.11.22"]
[SourceVersion "1"]
[SourceVersionDate "2012.11.22"]
[SourceQuality "1"]

1. d4 Nf6 2. c4 g6 3. Bg5 Bg7 4. Nc3 d6 5. g3 c5 6. dxc5 Qa5 7. Bg2 Qxc5 8. Bxf6 Bxf6 9. Rc1 Na6 10. Nf3 Qb4 11. Qd2 0-0 12. a3 Qb6 13. b4 Bxc3 14. Qxc3 Bd7 15. h4 h5 16. 0-0 Nc7 17. Rfd1 Rfd8 18. Rd2 a5 19. c5 Qa6 20. cxd6 exd6 21. Rcd1 Ne8 22. Ng5 Ba4 23. Bd5 Bxd1 24. Nxf7 Kf8 25. Nxd8 1-0

[Event "SVR-op 35th"]
[Site "Nickenich"]
[Date "2012.04.05"]
[Round "4"]
[White "Buzov, Boris"]
[Black "Mueller, Claudia"]
[Result "1/2-1/2"]
[WhiteElo "2148"]
[BlackElo "1987"]
[PlyCount "104"]
[EventDate "2012.03.30"]
[EventType "swiss"]
[EventRounds "7"]
[EventCountry "GER"]
[SourceTitle "EXT 2013"]
[Source "ChessBase"]
[SourceDate "2012.11.22"]
[SourceVersion "1"]
[SourceVersionDate "2012.11.22"]
[SourceQuality "1"]

1. d4 d5 2. Nf3 g6 3. b3 Bg7 4. Bb2 c5 5. e3 Nc6 6. Nbd2 cxd4 7. exd4 Bf5 8. Bb5 a6 9. Bxc6+ bxc6 10. 0-0 Nf6 11. Re1 0-0 12. Ne5 Qc7 13. Ba3 Rfe8 14. Bc5 Nd7 15. Nxd7 Qxd7 16. Nf1 e5 17. Ne3 Be6 18. dxe5 Bxe5 19. Bd4 Bd6 20. Bb2 c5 21. Qd3 Bf4 22. Rad1 d4 23. Nc4 Bf5 24. Qf3 Rxe1+ 25. Rxe1 Re8 26. Rf1 Bc7 27. Qd1 Qe7 28. Ba3 Qh4 29. g3 Qe4 30. Bxc5 Bh3 31. f3 Qd5 32. Qxd4 Qxd4+ 33. Bxd4 Bxf1 34. Kxf1 h5 35. c3 f5 36. f4 Kf7 37. h4 Ke6 38. Ne3 a5 39. Ke2 Rb8 40. Kd3 Bb6 41. Nc2 Bxd4 42. Nxd4+ Kd5 43. Nf3 Rb6 44. Ne5 Re6 45. c4+ Kc5 46. Kc3 Rd6 47. Nd3+ Kc6 48. a3 Re6 49. Ne5+ Kb6 50. Nd7+ Kc7 51. Ne5 Rd6 52. Nd3 Re6 1/2-1/2

[Event "SVR-op 35th"]
[Site "Nickenich"]
[Date "2012.04.01"]
[Round "3"]
[White "Schlich, Mara"]
[Black "Mueller, Claudia"]
[Result "0-1"]
[WhiteElo "1669"]
[BlackElo "1987"]
[PlyCount "94"]
[EventDate "2012.03.30"]
[EventType "swiss"]
[EventRounds "7"]
[EventCountry "GER"]
[SourceTitle "EXT 2013"]
[Source "ChessBase"]
[SourceDate "2012.11.22"]
[SourceVersion "1"]
[SourceVersionDate "2012.11.22"]
[SourceQuality "1"]

1. d4 d5 2. c4 c6 3. Nc3 Nf6 4. Bf4 Nh5 5. e3 Nxf4 6. exf4 g6 7. c5 Bg7 8. Nf3 Qc7 9. g3 Bg4 10. Bg2 Nd7 11. 0-0 b6 12. Rc1 bxc5 13. dxc5 0-0 14. b4 Bxc3 15. Rxc3 Rfb8 16. a3 a5 17. Qd4 Bxf3 18. Bxf3 axb4 19. axb4 Ra4 20. Rb3 e5 21. fxe5 Qxe5 22. Qxe5 Nxe5 23. Kg2 Raxb4 24. Rxb4 Rxb4 25. Rc1 Nd3 26. Rc3 Ne1+ 27. Kf1 Nxf3 28. Rxf3 Rc4 29. Rf6 Rxc5 30. Rd6 Kf8 31. Rd8+ Ke7 32. Ra8 d4 33. Ke2 Rc2+ 34. Kd3 Rxf2 35. Kxd4 Rxh2 36. Ke3 c5 37. Ra7+ Ke6 38. Ra6+ Ke5 39. Ra5 Kd5 40. Ra8 c4 41. Rd8+ Kc5 42. Rc8+ Kb4 43. Rb8+ Kc3 44. Rf8 f5 45. Rf7 Kc2 46. Kd4 c3 47. Rc7 Rd2+ 0-1

[Event "Pfalz op 03rd"]
[Site "Neustadt an der Weinstrasse"]
[Date "2012.03.03"]
[Round "9"]
[White "Mueller, Claudia"]
[Black "Scherer, Frank"]
[Result "0-1"]
[WhiteElo "1987"]
[BlackElo "2155"]
[PlyCount "96"]
[EventDate "2012.02.17"]
[EventType "swiss"]
[EventRounds "9"]
[EventCountry "GER"]
[SourceTitle "EXT 2013"]
[Source "ChessBase"]
[SourceDate "2012.11.22"]
[SourceVersion "1"]
[SourceVersionDate "2012.11.22"]
[SourceQuality "1"]

1. e4 c6 2. d4 d5 3. exd5 cxd5 4. Bd3 Nc6 5. Ne2 Bg4 6. c3 Qc7 7. f3 Bd7 8. Qb3 Nf6 9. Bf4 e5 10. dxe5 Nxe5 11. Bxe5 Qxe5 12. Nd2 Bc5 13. 0-0-0 0-0 14. g4 Qe8 15. Qc2 Ba4 16. b3 Bb5 17. Ng3 Bxd3 18. Qxd3 Qc6 19. Nf5 Rfe8 20. Rhe1 a5 21. Kb2 a4 22. b4 a3+ 23. Kb1 Bf8 24. Nb3 Rac8 25. Rxe8 Nxe8 26. Rc1 Qf6 27. Nbd4 g6 28. Ne3 Qe5 29. Rc2 Nc7 30. Re2 Qf4 31. h4 Bg7 32. Nec2 Ne6 33. Nb5 Qg3 34. Rd2 Nf4 35. Qe3 Ng2 36. Qg1 Bxc3 37. Nxc3 Rxc3 38. Qxg2 Qxh4 39. Qf2 Qf6 40. Ne1 Rc4 41. Nd3 h6 42. Rc2 Rd4 43. Qe3 Kg7 44. f4 g5 45. Rf2 gxf4 46. Nxf4 Rxb4+ 47. Kc1 Qa1+ 48. Kd2 Qxa2+ 0-1

[Event "Pfalz op 03rd"]
[Site "Neustadt an der Weinstrasse"]
[Date "2012.02.20"]
[Round "2"]
[White "Mueller, Claudia"]
[Black "Fromm, Christian"]
[Result "1/2-1/2"]
[WhiteElo "1987"]
[BlackElo "2109"]
[PlyCount "23"]
[EventDate "2012.02.17"]
[EventType "swiss"]
[EventRounds "9"]
[EventCountry "GER"]
[SourceTitle "EXT 2013"]
[Source "ChessBase"]
[SourceDate "2012.11.22"]
[SourceVersion "1"]
[SourceVersionDate "2012.11.22"]
[SourceQuality "1"]

1. e4 d6 2. d4 Nf6 3. Nc3 e5 4. dxe5 dxe5 5. Qxd8+ Kxd8 6. Bg5 Be6 7. 0-0-0+ Kc8 8. f3 Nbd7 9. g3 h6 10. Be3 Bc5 11. Bxc5 Nxc5 12. Bh3 1/2-1/2

[Event "Maastricht Limburg op-B 4th"]
[Site "Maastricht"]
[Date "2010.05.22"]
[Round "3"]
[White "Cox, Jan"]
[Black "Mueller, Claudia"]
[Result "0-1"]
[WhiteElo "1854"]
[BlackElo "2033"]
[PlyCount "80"]
[EventDate "2010.05.21"]
[EventType "swiss"]
[EventRounds "7"]
[EventCountry "NED"]
[SourceTitle "EXT 2011"]
[Source "ChessBase"]
[SourceDate "2010.11.26"]
[SourceVersion "1"]
[SourceVersionDate "2010.11.26"]
[SourceQuality "1"]

1. e4 c6 2. d4 d5 3. Nc3 g6 4. Nf3 Bg7 5. e5 Bf5 6. Bf4 Qb6 7. Na4 Qa5+ 8. c3 Nd7 9. Be2 b5 10. Nc5 Nxc5 11. dxc5 b4 12. a3 bxc3 13. b4 Qc7 14. Qc1 e6 15. Qxc3 Be4 16. a4 Bxf3 17. Bxf3 Ne7 18. 0-0 a6 19. b5 0-0 20. Be2 axb5 21. axb5 cxb5 22. Bxb5 Nf5 23. Rfe1 Rxa1 24. Rxa1 d4 25. Qb4 Bxe5 26. Bxe5 Qxe5 27. Bd3 Ne7 28. Re1 Nc6 29. Rxe5 Nxb4 30. Bc4 d3 31. Kf1 Rd8 32. Ke1 Rd4 33. Bb3 d2+ 34. Ke2 Na2 35. c6 Nc1+ 36. Kd1 Nxb3 37. Rc5 Re4 38. Kc2 Nxc5 39. c7 Rc4+ 40. Kxd2 Nb3+ 0-1

[Event "BL2 Sued 0910 (Women)"]
[Site "Germany"]
[Date "2010.03.14"]
[Round "7.2"]
[White "Horvath, Maria"]
[Black "Mueller, Claudia"]
[Result "0-1"]
[WhiteElo "2001"]
[BlackElo "2019"]
[PlyCount "66"]
[EventDate "2009.11.07"]
[EventType "team-tourn"]
[EventRounds "7"]
[EventCountry "GER"]
[SourceTitle "CBM 133 Extra"]
[Source "ChessBase"]
[SourceDate "2010.01.05"]
[SourceVersion "1"]
[SourceVersionDate "2010.01.05"]
[SourceQuality "1"]
[WhiteTeam "Augsburg (W)"]
[BlackTeam "Mutterstadt (W)"]
[WhiteTeamCountry "GER"]
[BlackTeamCountry "GER"]

1. d4 d5 2. c4 c6 3. Nf3 Nf6 4. Nc3 g6 5. h3 Bg7 6. Bf4 dxc4 7. a4 Nd5 8. Bg3 Qa5 9. Qc1 Nxc3 10. bxc3 Be6 11. e3 Nd7 12. Nd2 Nb6 13. Bc7 Rc8 14. Bxb6 axb6 15. Nxc4 Bxc4 16. Bxc4 0-0 17. Bd3 e5 18. 0-0 exd4 19. exd4 c5 20. Qf4 Qxc3 21. Rfd1 Bxd4 22. Rac1 Qa5 23. Bb5 Qa8 24. h4 Qb8 25. Qf3 Kg7 26. Re1 h5 27. Re4 Qd6 28. Bc4 Rc7 29. Rce1 Bf6 30. Rf4 Re7 31. Rd1 Qe5 32. g3 Qc3 33. Qd5 Rd8 0-1

[Event "BL2 Sued 0910 (Women)"]
[Site "Germany"]
[Date "2009.12.05"]
[Round "3.2"]
[White "Mueller, Elke"]
[Black "Mueller, Claudia"]
[Result "1/2-1/2"]
[WhiteElo "1992"]
[BlackElo "2019"]
[PlyCount "51"]
[EventDate "2009.11.07"]
[EventType "team-tourn"]
[EventRounds "7"]
[EventCountry "GER"]
[SourceTitle "CBM 133 Extra"]
[Source "ChessBase"]
[SourceDate "2010.01.05"]
[SourceVersion "1"]
[SourceVersionDate "2010.01.05"]
[SourceQuality "1"]
[WhiteTeam "Differten (W)"]
[BlackTeam "Mutterstadt (W)"]
[WhiteTeamCountry "GER"]
[BlackTeamCountry "GER"]

1. e4 e5 2. Nf3 Nc6 3. Bb5 a6 4. Ba4 Nf6 5. d3 b5 6. Bb3 Be7 7. Bd5 Nxd5 8. exd5 Nb4 9. Nc3 Bb7 10. Nxe5 Bf6 11. d4 Nxd5 12. Nxd5 Bxd5 13. 0-0 0-0 14. Re1 Re8 15. c3 Re6 16. Ng4 Bg5 17. Rxe6 fxe6 18. Bxg5 Qxg5 19. Ne3 Bb7 20. Qg4 Qe7 21. Re1 Rf8 22. Qg3 c5 23. Rd1 Bc6 24. Qe5 d6 25. Qg3 Rf6 26. dxc5 1/2-1/2

[Event "Maastricht Limburg op 3rd"]
[Site "Maastricht"]
[Date "2009.06.01"]
[Round "7"]
[White "Mueller, Claudia"]
[Black "Doggers, Peter"]
[Result "0-1"]
[WhiteElo "2021"]
[BlackElo "2279"]
[PlyCount "66"]
[EventDate "2009.05.29"]
[EventType "swiss"]
[EventRounds "7"]
[EventCountry "NED"]
[SourceTitle "CBM 130 Extra"]
[Source "ChessBase"]
[SourceDate "2009.07.02"]
[SourceVersion "2"]
[SourceVersionDate "2009.07.15"]
[SourceQuality "1"]

1. e4 c5 2. Nc3 Nc6 3. f4 g6 4. Nf3 Bg7 5. Bb5 Nd4 6. Bc4 e6 7. 0-0 Ne7 8. d3 d5 9. exd5 exd5 10. Bb5+ Nxb5 11. Nxb5 d4 12. Qe1 0-0 13. Bd2 a6 14. Na3 b5 15. Qf2 Bb7 16. Rfe1 Re8 17. Re2 Qd7 18. Ne5 Qd5 19. Rae1 Nf5 20. b3 h5 21. Nb1 Re7 22. Nf3 Rxe2 23. Rxe2 c4 24. dxc4 bxc4 25. Na3 c3 26. Bc1 d3 27. cxd3 Qxd3 28. Nc2 Rd8 29. Ba3 h4 30. Bc5 h3 31. Nce1 Qd1 32. Qf1 hxg2 33. Rxg2 c2 0-1

[Event "BL 0405 (Women)"]
[Site "Germany"]
[Date "2005.03.18"]
[Round "5.4"]
[White "Mueller, Claudia"]
[Black "Henrichs, Wenke"]
[Result "0-1"]
[WhiteElo "1846"]
[BlackElo "2090"]
[PlyCount "130"]
[EventDate "2004.11.06"]
[EventType "team-tourn"]
[EventRounds "11"]
[EventCountry "GER"]
[SourceTitle "EXT 2006"]
[Source "ChessBase"]
[SourceDate "2005.11.24"]
[SourceVersion "1"]
[SourceVersionDate "2005.11.24"]
[SourceQuality "1"]
[WhiteTeam "Mannheim (W)"]
[BlackTeam "Holsterhausen (W)"]
[WhiteTeamCountry "GER"]
[BlackTeamCountry "GER"]

1. e4 Nf6 2. Nc3 d5 3. exd5 Nxd5 4. Bc4 e6 5. Nge2 c6 6. 0-0 Nd7 7. d4 Be7 8. Ng3 Nxc3 9. bxc3 Nf6 10. Nh5 0-0 11. Nxf6+ Bxf6 12. Qf3 Qa5 13. Qg3 c5 14. Bb2 Bd7 15. Qd6 Rfd8 16. Qxc5 Qxc5 17. dxc5 Rac8 18. Bd3 Rxc5 19. Rab1 b6 20. c4 Bxb2 21. Rxb2 g6 22. f3 e5 23. Re1 Kg7 24. Kf2 Be6 25. Rb5 Rxb5 26. cxb5 Kf6 27. a4 Rd4 28. Re4 Rd5 29. Rb4 Ke7 30. Ke3 Kd6 31. f4 exf4+ 32. Rxf4 Re5+ 33. Kd4 Re1 34. Kc3 Rg1 35. Rd4+ Kc7 36. Be4 h5 37. h3 Rb1 38. Bf3 Re1 39. Rd1 Re3+ 40. Rd3 Re5 41. Rd4 Re3+ 42. Rd3 Re1 43. Rd1 Rxd1 44. Bxd1 Bd5 45. g3 f6 46. Kd4 Kd6 47. Be2 Bf7 48. Bf3 g5 49. Be4 Be6 50. Bg6 Bxh3 51. Bxh5 f5 52. Bg6 Bg4 53. Bf7 Bd1 54. Bb3 f4 55. gxf4 gxf4 56. Ke4 f3 57. Ke3 Kc5 58. Kf2 Kb4 59. Ke1 Be2 60. Bd5 Kc3 61. Be4 Kd4 62. Bc6 Ke3 63. Bxf3 Bxf3 64. c4 Kd4 65. a5 Kxc4 0-1

[Event "BL 0405 (Women)"]
[Site "Germany"]
[Date "2004.12.04"]
[Round "3.5"]
[White "Skogvall, Martina"]
[Black "Mueller, Claudia"]
[Result "0-1"]
[WhiteElo "2125"]
[BlackElo "1846"]
[PlyCount "86"]
[EventDate "2004.11.06"]
[EventType "team-tourn"]
[EventRounds "11"]
[EventCountry "GER"]
[SourceTitle "EXT 2006"]
[Source "ChessBase"]
[SourceDate "2005.11.24"]
[SourceVersion "1"]
[SourceVersionDate "2005.11.24"]
[SourceQuality "1"]
[WhiteTeam "Grosslehna (W)"]
[BlackTeam "Mannheim (W)"]
[WhiteTeamCountry "GER"]
[BlackTeamCountry "GER"]

1. e4 g6 2. d4 Bg7 3. Bc4 d6 4. Ne2 Nf6 5. Nbc3 Nc6 6. 0-0 0-0 7. d5 Ne5 8. Bb3 c6 9. h3 cxd5 10. exd5 b6 11. f4 Ned7 12. Nd4 Bb7 13. Re1 Nc5 14. Kh2 Nxb3 15. Nxb3 b5 16. Nxb5 Nxd5 17. c3 a6 18. N5d4 Qc7 19. g3 Rfd8 20. f5 Be5 21. Bh6 a5 22. a4 Qc8 23. Qd2 Nf6 24. Bf4 Ne4 25. Qd3 gxf5 26. Nd2 e6 27. Nc4 Ba6 28. Nb5 Bxf4 29. gxf4 Qc5 30. Rg1+ Kf8 31. Ne3 d5 32. Rg2 Rab8 33. Rag1 Nf6 34. Nxf5 Bxb5 35. Qg3 exf5 36. axb5 Qd6 37. Re2 Ne4 38. Qg7+ Ke7 39. Qg5+ Qf6 40. Qh5 h6 41. Qf3 Rxb5 42. c4 dxc4 43. Qa3+ Qd6 0-1